| 000 | 01025cam a22003134a 4500 | ||
|---|---|---|---|
| 001 | 13381861 | ||
| 003 | OSt | ||
| 005 | 20140310182742.0 | ||
| 008 | 031023s2004 caua 001 0 eng | ||
| 010 | _a 2003063397 | ||
| 020 | _a1840137088 | ||
| 040 |
_aDLC _cDLC |
||
| 042 | _apcc | ||
| 050 | 0 | 0 |
_aNC 760 _b.An16 2004 |
| 245 | 0 | 0 | _aAnatomy & figure drawing handbook / |
| 246 | 3 | _aAnatomy and figure drawing handbook | |
| 260 |
_aSan Diego : _bThunder Bay Press, _c2004. |
||
| 300 |
_a224 p. : _bill. (some col.) ; _c21 cm. |
||
| 500 | _a"A comprehensive guide to the art of drawing the human body"--Cover. | ||
| 500 | _aIncludes index. | ||
| 521 | _aMA | ||
| 650 | 0 | _aAnatomy (Artistic) | |
| 650 | 0 |
_aFigure drawing _xTechnique. |
|
| 710 | 2 | _aThunder Bay Press. | |
| 906 |
_a7 _bcbc _corignew _d1 _eocip _f20 _gy-gencatlg |
||
| 942 |
_2lcc _cBK _kFOR |
||
| 999 |
_c15589 _d15589 |
||